| 000 | 00438pab a2200181 454500 | ||
|---|---|---|---|
| 008 | 180718b2010 xxu||||| |||| 00| 0 eng d | ||
| 100 | _aMaharatna Arup | ||
| 245 | _aIn praise of tribal traditions, society, and culture in India | ||
| 260 | _c2010 | ||
| 300 | _ap.16-22. | ||
| 362 | _a25 Sep | ||
| 650 | _aCulture - India | ||
| 650 | _aTribes - India | ||
| 650 | _aTribes | ||
| 773 | _aMainstream | ||
| 908 | _aN | ||
| 909 | _a88060 | ||
| 999 |
_c88060 _d88060 |
||